000 00631nam a2200193Ia 4500
005 20250507130151.0
008 008 250505s9999 xx 000 0 eng d
037 _aDIS
040 _aEASL
_beng
_cEASL
041 _aeng
_2eng
084 _a0000168
_qEASL
100 _aBaruah Ayushman
_9670592
245 0 _aQing frontier policies: Institutions and mechanisms in the creation of a multi-ethnic empire Dr. Madhavi Thampi
260 _aIndia
_bUnivesity of Delhi. Social Sciences. East Asian Studies (Delhi India)
_c2012
300 _a116p.
650 _aCEL
942 _cDIS
_h0000168
999 _c1318056
_d1318056